ՀՀ Գիտությունների ազգային ակադեմիայի հիմնարար գիտական գրադարան  =   Fundamental Scientific Library of NAS RA

Մանանա : (Record no. 98725)

MARC details
000 -LEADER
fixed length control field 00776nam a2200217 a 4500
001 - CONTROL NUMBER
control field 000272287
003 - CONTROL NUMBER IDENTIFIER
control field AM-YeHGA
005 - DATE AND TIME OF LATEST TRANSACTION
control field 20250618071808.0
008 - FIXED-LENGTH DATA ELEMENTS--GENERAL INFORMATION
fixed length control field 031015s1984 ai ||||gr|||||||||1|arm|d
040 ## - CATALOGING SOURCE
Original cataloging agency AM-YeHGA
041 0# - LANGUAGE CODE
Language code of text/sound track or separate title arm
090 ## - LOCALLY ASSIGNED LC-TYPE CALL NUMBER (OCLC); LOCAL CALL NUMBER (RLIN)
Classification number (OCLC) (R) ; Classification number, CALL (RLIN) (NR) Յ-44
090 ## - LOCALLY ASSIGNED LC-TYPE CALL NUMBER (OCLC); LOCAL CALL NUMBER (RLIN)
-- 100036
100 1# - MAIN ENTRY--PERSONAL NAME
Personal name Յավրյան, Արտաշես Գերասիմի,
Dates associated with a name 1932-
245 10 - TITLE STATEMENT
Title Մանանա :
Remainder of title [Բանաստեղծություններ, պոեմներ] /
Statement of responsibility, etc. Ա. Յավրյան ; Խմբ.՝ Հ. Կարճիկյան.
260 ## - PUBLICATION, DISTRIBUTION, ETC.
Place of publication, distribution, etc. Երևան :
Name of publisher, distributor, etc. Սովետական գրող,
Date of publication, distribution, etc. 1984.
300 ## - PHYSICAL DESCRIPTION
Extent 120 էջ ;
Dimensions 14 սմ.
650 14 - SUBJECT ADDED ENTRY--TOPICAL TERM
Topical term or geographic name entry element Հայ գրականություն
General subdivision Պոեզիա
700 1# - ADDED ENTRY--PERSONAL NAME
Personal name Կարճիկյան, Համլետ Թորգոմի,
Dates associated with a name 1936-2022
Relator term խմբ.
Relationship edt
9 (RLIN) 1475
942 ## - ADDED ENTRY ELEMENTS (KOHA)
Source of classification or shelving scheme Universal Decimal Classification
Koha item type Գրքեր / Books
Holdings
Withdrawn status Lost status Damaged status Not for loan Collection Home library Current library Date acquired Total checkouts Full call number Barcode Date last seen Cost, replacement price Price effective from Koha item type Public note
        General Fundamental Scientific Library Fundamental Scientific Library 22/12/2016   AI/17401 FL0059725 22/12/2016 35.00 22/12/2016 Գրքեր / Books 30 Days Loan
        General Fundamental Scientific Library Fundamental Scientific Library 22/12/2016   AI/17494 FL0059572 22/12/2016 85.00 22/12/2016 Գրքեր / Books 30 Days Loan


ՀՀ ԳԱԱ հիմնարար գիտական գրադարան
ՀՀ,Երևան 0019
Մարշալ Բաղրամյան 24/6
հեռախոս:(374-10) 52-47-50
Հետադարձ կապ

All site content, except where otherwise noted, is licensed under a
Creative Commons License